000 00298nam a2200133Ia 4500
100 _aHalsall/Fred
942 _cBK
654 _amultimedia
245 _aMultimedia communications:Applications
260 _bPearson Education
_c2001
082 _a4.65
_bHAL
300 _a1034
546 _aENGLISH
999 _c27470
_d27470